A cause for confusion once more (Record no. 83706)
[ view plain ]
| 000 -LEADER | |
|---|---|
| fixed length control field | 00769cab a22001935a 4500 |
| 001 - CONTROL NUMBER | |
| control field | L154688 |
| 008 - FIXED-LENGTH DATA ELEMENTS--GENERAL INFORMATION | |
| fixed length control field | 120112e20120107xxk 000 0 eng d |
| 035 ## - SYSTEM CONTROL NUMBER | |
| System control number | (Sirsi) u154688 |
| 041 0# - LANGUAGE CODE | |
| Language code of text/sound track or separate title | eng |
| 100 1# - MAIN ENTRY--PERSONAL NAME | |
| Personal name | Ashman, Kevin |
| 245 02 - TITLE STATEMENT | |
| Title | A cause for confusion once more |
| 260 ## - PUBLICATION, DISTRIBUTION, ETC. | |
| Date of publication, distribution, etc. | 2012 |
| 490 ## - SERIES STATEMENT | |
| Series statement | Estates Gazette |
| Volume/sequential designation | (1201) 7 January 2012, 52(1) |
| 520 ## - SUMMARY, ETC. | |
| Summary, etc. | HM Revenue and Customs (HMRC) has issued new guidance on Stamp Duty Land Tax (SDLT) on land exchanges in the Stamp Taxes Bulletin 2/2011. Notes that this guidance seems to have caused some confusion and legislating and curbing the effects of this guidance has led to uncertainty in the law's application. |
| 590 ## - LOCAL NOTE (RLIN) | |
| Local note | KA |
| 651 #4 - SUBJECT ADDED ENTRY--GEOGRAPHIC NAME | |
| Geographic name | United Kingdom |
| Chronological subdivision | |
| 690 ## - LOCAL SUBJECT ADDED ENTRY--TOPICAL TERM (OCLC, RLIN) | |
| Topical term or geographic name as entry element | Finance and taxation |
| 942 ## - ADDED ENTRY ELEMENTS (KOHA) | |
| Suppress in OPAC | 0 |
| Withdrawn status | Lost status | Source of classification or shelving scheme | Damaged status | Not for loan | Home library | Current library | Shelving location | Date acquired | Total Checkouts | Full call number | Barcode | Date last seen | Copy number | Price effective from | Koha item type |
|---|---|---|---|---|---|---|---|---|---|---|---|---|---|---|---|
| Dewey Decimal Classification | London | London | Journal article | 12/01/2012 | L154688 | 154688-1001 | 06/08/2019 | 1 | 06/08/2019 | Journal article |